Metal and Hardrock albums of 1982 - Statistics

General Stats
  • This quiz has been taken 117 times
  • The average score is 20 of 80
Answer Stats
Hint Answer % Correct
30 The Number Of The Beast Iron Maiden
90%
40 Screaming For Vengeance Judas Priest
81%
4 Nugent Ted Nugent
74%
23 Live Evil Black Sabbath
71%
59 Blackout Scorpions
61%
60 Creatures Of The Night Kiss
58%
41 Coda Led Zeppelin
55%
26 Iron Fist Motörhead
55%
49 Signals Rush
55%
24 Straight Between The Eyes Rainbow
52%
80 The Eagle Has Landed Saxon
52%
63 Diver Down Van Halen
52%
6 Aldo Nova Aldo Nova
45%
61 Vandenberg Vandenberg
45%
66 Black Metal Venom
45%
12 The Lee Aaron Project Lee Aaron
42%
52 Battle Hymns Manowar
42%
72 TNT TNT
42%
28 Coney Hatch Coney Hatch
39%
74 Under The Blade Twisted Sister
39%
31 Saints & Sinners Whitesnake
39%
27 Metal On Metal Anvil
35%
69 Virgin Steele Virgin Steele
35%
2 Restless And Wild Accept
32%
38 Zipper Catches Skin Alice Cooper
32%
13 Extraterrestrial Live Blue Öyster Cult
32%
34 Restless Breed Riot
32%
1 Black Tiger Y & T
32%
58 Borrowed Time Diamond Head
29%
20 Hughes/Thrall Hughes/Thrall
29%
11 Devil Soldier Loudness
29%
46 Assault Attack Michael Schenker Group
29%
15 Three Lock Box Sammy Hagar
29%
17 Rock In A Hard Place Aerosmith
26%
29 Wiped Out Raven
26%
7 Acid Acid
23%
33 Highway Song Live! Blackfoot
23%
48 The Unexpected Guest Demon
23%
45 Corridors Of Power Gary Moore
23%
51 One Vice At A Time Krokus
23%
56 Nuns Have No Fun (EP) Mercyful Fate
23%
39 Wild Dogs The Rods
23%
79 The Cage Tygers Of Pan Tang
23%
68 Mechanix UFO
23%
25 Screaming Blue Murder Girlschool
19%
16 Dawn Patrol Night Ranger
19%
65 Sink Your Teeth Into That Talas
19%
62 Filth Hounds Of Hades Tank
19%
22 Chase The Dragon Magnum
16%
57 Volumen Brutal Baròn Rojo
13%
32 Plug It In Mama's Boys
13%
14 Diamond Dreamer Picture
13%
21 Death Penalty Witchfinder General
13%
67 Special Forces 38 Special
10%
37 Power Play April Wine
10%
53 Damnation Alley (EP) Bitch
10%
8 One On One Cheap Trick
10%
42 Metal Manilla Road
10%
19 Coup d'Etat Plasmatics
10%
78 Bold As Brass Bodine
6%
3 Deliver Us From Evil Budgie
6%
55 Back With A Vengeance Fist
6%
35 Magic Gillan
6%
10 Death Or Glory Heavy Load
6%
9 Poderoso Como el Trueno Obus
6%
44 Scarred For Life Rose Tattoo
6%
47 Pray For Metal (EP) Axewitch
3%
5 Oriental Beat Hanoi Rocks
3%
50 Wall Of Sound Killer
3%
36 Blood & Thunder More
3%
54 Before The Storm Samson
3%
70 Wild 'n' Evil Sinner
3%
75 The Official Bootleg Stampede
3%
64 Savage Trust
3%
76 Blind Men And Fools (EP) Tytan
3%
71 Warning II Warning
3%
43 Predator Bitches Sin
0%
18 The Opening Ritual (EP) Cloven Hoof
0%
77 Fire Raiser (EP) Torch
0%
73 Metal Rock Vanadium
0%
No matching quizzes found
Score Distribution
Percent of People with Each Score
Percentile by Number Answered
Your Score History
You have not taken this quiz